| 000 | 00667nam a2200169 a 4500 | ||
|---|---|---|---|
| 001 | 000038167 | ||
| 005 | 20201002031203.0 | ||
| 008 | 130320s2001 dr a r 000 0 spa d | ||
| 040 |
_aDO-SdBNP _bspa _cBNPHU |
||
| 100 | 1 |
_aVillarini Jusino, Ángel R. _964536 |
|
| 245 | 1 | 3 |
_aEl currículo orientado al desarrollo humano integral y al aprendizaje auténtico / _cÁngel R. Villarini Jusino. |
| 260 |
_aSanto Domingo : _bOrganización para el Fomento del Desarrollo del Pensamiento , _c2001. |
||
| 300 |
_a47 p. : _bil. ; _c21 cm. |
||
| 490 | 1 | _aBiblioteca del pensamiento crítico | |
| 590 | _aInventariado, 2019/BT | ||
| 830 | 0 |
_aBiblioteca del pensamiento crítico _964537 |
|
| 999 |
_c37657 _d37657 |
||